[Event "Warsaw YMCA Spring-A 240th"]
[Site "Warsaw"]
[Date "2021.05.18"]
[Round "6"]
[White "Ossolinski, Ziemowit"]
[Black "Polak, Michal"]
[Result "0-1"]
[WhiteElo "1847"]
[BlackElo "1928"]
[PlyCount "84"]
[EventDate "2021.04.16"]
[EventType "swiss"]
[EventRounds "11"]
[EventCountry "POL"]
[SourceTitle "EXT 2022"]
[Source "ChessBase"]
[SourceDate "2021.10.06"]
[SourceVersion "1"]
[SourceVersionDate "2021.10.06"]
[SourceQuality "1"]

1. e4 e5 2. Nf3 Nc6 3. d4 exd4 4. Nxd4 Nf6 5. Nc3 Bb4 6. Nxc6 bxc6 7. Bd3 d5 8. exd5 0-0 9. 0-0 cxd5 10. Bg5 c6 11. Qf3 h6 12. Bxf6 Qxf6 13. Qxf6 gxf6 14. Ne2 Rb8 15. Rab1 Bd6 16. f4 Re8 17. Ng3 Re3 18. Nh5 Bc5 19. Nxf6+ Kh8 20. Kh1 Bd4 21. Nh5 Rxb2 22. f5 c5 23. Nf4 Re5 24. Rxb2 Bxb2 25. g4 c4 26. Be2 Bd7 27. Rb1 c3 28. Bd3 Re3 29. Kg2 Ba4 30. Rd1 Rxd3 31. Rxd3 Bxc2 32. Rh3 Be4+ 33. Kf2 c2 34. Ne2 c1Q 35. Nxc1 Bxc1 36. Rc3 Bb2 37. Rc7 Bd4+ 38. Ke2 Kg7 39. h4 a5 40. Rb7 Bc3 41. Ra7 d4 42. Rxf7+ Kxf7 0-1

[Event "Warsaw YMCA Spring-A 240th"]
[Site "Warsaw"]
[Date "2021.05.04"]
[Round "4"]
[White "Ossolinski, Ziemowit"]
[Black "Choroszej, Aleksander"]
[Result "1/2-1/2"]
[WhiteElo "1847"]
[BlackElo "2033"]
[PlyCount "51"]
[EventDate "2021.04.16"]
[EventType "swiss"]
[EventRounds "11"]
[EventCountry "POL"]
[SourceTitle "EXT 2022"]
[Source "ChessBase"]
[SourceDate "2021.10.06"]
[SourceVersion "1"]
[SourceVersionDate "2021.10.06"]
[SourceQuality "1"]

1. e4 g6 2. f4 Bg7 3. Nf3 d5 4. e5 c5 5. d4 cxd4 6. Nxd4 Nc6 7. Nc3 a6 8. Be3 Nh6 9. Be2 0-0 10. 0-0 f6 11. Bf3 e6 12. exf6 Qxf6 13. Nce2 Bd7 14. c3 Na5 15. b3 Nc6 16. g4 Qh4 17. g5 Ng4 18. Bxg4 Qxg4+ 19. Ng3 Qxd1 20. Raxd1 Nxd4 21. Bxd4 Bb5 22. Rf2 Rac8 23. a4 Be8 24. Ne2 Bf7 25. Rd3 Rfe8 26. Bxg7 1/2-1/2

[Event "Warsaw YMCA Spring-A 240th"]
[Site "Warsaw"]
[Date "2021.04.15"]
[Round "1"]
[White "Pajak, Jakub Lech"]
[Black "Ossolinski, Ziemowit"]
[Result "0-1"]
[WhiteElo "1931"]
[BlackElo "1847"]
[PlyCount "74"]
[EventDate "2021.04.16"]
[EventType "swiss"]
[EventRounds "11"]
[EventCountry "POL"]
[SourceTitle "EXT 2022"]
[Source "ChessBase"]
[SourceDate "2021.10.06"]
[SourceVersion "1"]
[SourceVersionDate "2021.10.06"]
[SourceQuality "1"]

1. e4 d6 2. d4 Nf6 3. Nc3 Nbd7 4. Bc4 e5 5. Nf3 h6 6. 0-0 c6 7. a4 Be7 8. a5 0-0 9. Re1 Re8 10. d5 Nf8 11. b4 Qc7 12. Qd3 Bg4 13. Be3 Bxf3 14. gxf3 Rec8 15. Bb3 Ng6 16. Kf1 Nh5 17. dxc6 bxc6 18. Qc4 Bf6 19. Ke2 Nhf4+ 20. Bxf4 Nxf4+ 21. Kd1 Qd7 22. Kc1 d5 23. exd5 cxd5 24. Qb5 Qxb5 25. Nxb5 Nd3+ 26. Kd2 Nxe1 27. Rxe1 Rab8 28. Nc3 Rxb4 29. Nxd5 Rd8 30. Ke2 Rh4 31. c4 Rb8 32. Rg1 Bd8 33. Bc2 Rxc4 34. Ne3 Rc5 35. a6 Ra5 36. Bd3 Ra2+ 37. Nc2 Rc8 0-1

[Event "Warsaw YMCA Winter-A 236th"]
[Site "Warsaw"]
[Date "2021.02.05"]
[Round "3"]
[White "Rzeszowski, Dominik"]
[Black "Ossolinski, Ziemowit"]
[Result "0-1"]
[WhiteElo "1869"]
[BlackElo "1887"]
[PlyCount "36"]
[EventDate "2021.01.22"]
[EventType "tourn"]
[EventRounds "11"]
[EventCountry "POL"]
[SourceTitle "EXT 2022"]
[Source "ChessBase"]
[SourceDate "2021.10.06"]
[SourceVersion "1"]
[SourceVersionDate "2021.10.06"]
[SourceQuality "1"]

1. e4 e6 2. d4 d5 3. Nd2 Nf6 4. e5 Nfd7 5. c3 c5 6. f4 Nc6 7. Ndf3 Qb6 8. Ne2 cxd4 9. cxd4 Bb4+ 10. Kf2 f6 11. Be3 fxe5 12. fxe5 0-0 13. g3 Ndxe5 14. dxe5 Rxf3+ 15. Kxf3 Nxe5+ 16. Kg2 Qxe3 17. Qd4 Qf3+ 18. Kh3 Nd3 0-1

[Event "Warsaw YMCA Winter-A 236th"]
[Site "Warsaw"]
[Date "2021.01.26"]
[Round "2"]
[White "Ossolinski, Ziemowit"]
[Black "Choroszej, Aleksander"]
[Result "0-1"]
[WhiteElo "1887"]
[BlackElo "2044"]
[PlyCount "52"]
[EventDate "2021.01.22"]
[EventType "tourn"]
[EventRounds "11"]
[EventCountry "POL"]
[SourceTitle "EXT 2022"]
[Source "ChessBase"]
[SourceDate "2021.10.06"]
[SourceVersion "1"]
[SourceVersionDate "2021.10.06"]
[SourceQuality "1"]

1. e4 g6 2. d4 Bg7 3. h4 c5 4. Bc4 cxd4 5. c3 Qc7 6. Qb3 e6 7. Ne2 Nc6 8. Bf4 Be5 9. Bxe5 Qxe5 10. Nd2 d5 11. Bb5 dxc3 12. Nxc3 Nf6 13. Nf3 Qf4 14. exd5 exd5 15. Nxd5 Nxd5 16. Qxd5 Qb4+ 17. Kf1 0-0 18. Re1 Be6 19. Rxe6 Rad8 20. Qc4 fxe6 21. Qxe6+ Kg7 22. Bxc6 bxc6 23. Kg1 Rd1+ 24. Kh2 Qf4+ 25. Kh3 Rxh1+ 26. Nh2 Rxh2# 0-1

[Event "Warsaw YMCA Winter-A 224th"]
[Site "Warsaw"]
[Date "2020.03.13"]
[Round "11"]
[White "Liberadzki, Slawomir"]
[Black "Ossolinski, Ziemowit"]
[Result "0-1"]
[WhiteElo "1981"]
[BlackElo "1880"]
[PlyCount "84"]
[EventDate "2020.01.10"]
[EventType "tourn"]
[EventRounds "13"]
[EventCountry "POL"]
[SourceTitle "CBM 195 Extra"]
[Source "ChessBase"]
[SourceDate "2020.05.31"]
[SourceVersion "1"]
[SourceVersionDate "2020.05.31"]
[SourceQuality "1"]

1. c4 e5 2. Nc3 Nc6 3. g3 Bc5 4. Bg2 d6 5. d3 h6 6. a3 a6 7. b4 Ba7 8. Nf3 Nf6 9. Bb2 0-0 10. 0-0 Ne7 11. Rc1 c6 12. e3 Ng6 13. d4 e4 14. Nd2 d5 15. cxd5 cxd5 16. b5 Bg4 17. Qb3 Qd7 18. b6 Bb8 19. Na4 Bd6 20. Nc5 Qe7 21. Rc3 h5 22. a4 h4 23. Ba3 Rfd8 24. Qb2 Nh5 25. Ndb3 a5 26. Nd2 hxg3 27. fxg3 Nh4 28. Nxb7 Qxb7 29. gxh4 Bxa3 30. Rxa3 Rd6 31. Rb3 Rb8 32. Rc1 Rg6 33. Kh1 Qe7 34. Nf1 Qxh4 35. b7 Kh7 36. Rb6 f6 37. Rc2 Rh6 38. Kg1 Rg6 39. Kh1 Bf3 40. Rf2 Ng3+ 41. Nxg3 Rxg3 42. Qc2 Rxg2 0-1

[Event "POL-ch U18"]
[Site "Szklarska Poreba"]
[Date "2020.03.07"]
[Round "1"]
[White "Golenia, Jan"]
[Black "Ossolinski, Ziemowit"]
[Result "1-0"]
[WhiteElo "2119"]
[BlackElo "1880"]
[PlyCount "65"]
[EventDate "2020.03.07"]
[EventType "swiss"]
[EventRounds "8"]
[EventCountry "POL"]
[SourceTitle "CBM 195 Extra"]
[Source "ChessBase"]
[SourceDate "2020.05.31"]
[SourceVersion "1"]
[SourceVersionDate "2020.05.31"]
[SourceQuality "1"]

1. c4 e5 2. Nc3 Nc6 3. g3 Bc5 4. Bg2 Nf6 5. a3 a6 6. e3 d6 7. Nge2 0-0 8. 0-0 Ba7 9. d3 Ne7 10. b4 c6 11. Bb2 Be6 12. h3 Ng6 13. Kh2 Qd7 14. Qd2 Ne8 15. f4 f5 16. Rac1 Rd8 17. Nd1 Nf6 18. Nf2 Rfe8 19. Ng1 Bf7 20. Rfe1 Re7 21. Nf3 Rde8 22. d4 exf4 23. exf4 Rxe1 24. Nxe1 Ne4 25. Nxe4 fxe4 26. d5 Nf8 27. Nc2 Bg6 28. Ne3 Qf7 29. Re1 c5 30. f5 Bxf5 31. Rf1 cxb4 32. Nxf5 e3 33. Qe2 1-0

[Event "Warsaw YMCA Winter-A 224th"]
[Site "Warsaw"]
[Date "2020.01.10"]
[Round "1"]
[White "Derylo, Kamil"]
[Black "Ossolinski, Ziemowit"]
[Result "1-0"]
[WhiteElo "2099"]
[BlackElo "1880"]
[PlyCount "33"]
[EventDate "2020.01.10"]
[EventType "tourn"]
[EventRounds "13"]
[EventCountry "POL"]
[SourceTitle "CBM 195 Extra"]
[Source "ChessBase"]
[SourceDate "2020.05.31"]
[SourceVersion "1"]
[SourceVersionDate "2020.05.31"]
[SourceQuality "1"]

1. d4 Nf6 2. c4 c5 3. d5 b5 4. cxb5 a6 5. e3 axb5 6. Bxb5 Qa5+ 7. Nc3 g6 8. Nge2 Bb7 9. 0-0 Bg7 10. a4 0-0 11. e4 e5 12. f4 Qb6 13. h3 exf4 14. Bxf4 Re8 15. Ng3 Ba6 16. e5 Bxb5 17. Nxb5 1-0

[Event "Warsaw YMCA Autumn-B 221st"]
[Site "Warsaw"]
[Date "2019.12.12"]
[Round "13"]
[White "Okurowski, Michal"]
[Black "Ossolinski, Ziemowit"]
[Result "0-1"]
[WhiteElo "1645"]
[BlackElo "1802"]
[PlyCount "94"]
[EventDate "2019.09.20"]
[EventType "tourn"]
[EventRounds "13"]
[EventCountry "POL"]
[SourceTitle "CBM 195 Extra"]
[Source "ChessBase"]
[SourceDate "2020.05.31"]
[SourceVersion "1"]
[SourceVersionDate "2020.05.31"]
[SourceQuality "1"]

1. e4 c5 2. c3 Nf6 3. e5 Nd5 4. Nf3 e6 5. Bc4 Nb6 6. Be2 d5 7. exd6 Bxd6 8. d4 0-0 9. 0-0 Nc6 10. dxc5 Bxc5 11. Bf4 Nd5 12. Bg3 a5 13. Nbd2 f5 14. Nb3 Be7 15. c4 Nf6 16. Qxd8 Rxd8 17. Bc7 Rd7 18. Bb6 Ne4 19. Nbd4 Nxd4 20. Bxd4 Rc7 21. Be5 Rc5 22. Rad1 g5 23. Bd4 Rc7 24. Ne5 Bc5 25. Bxc5 Nxc5 26. Rd8+ Kg7 27. Rfd1 Kf6 28. Nf3 g4 29. Nd4 Rd7 30. Nb5 Rxd1+ 31. Bxd1 Ke7 32. Rh8 h5 33. Rh7+ Kf6 34. Rxh5 Bd7 35. Bxg4 Be8 36. Rh8 fxg4 37. f3 Kg7 38. Rh4 Bxb5 39. Rxg4+ Kf6 40. cxb5 Rd8 41. h4 Nd3 42. h5 Rd5 43. Rg6+ Kf7 44. Rh6 Rxb5 45. g4 Nf4 46. b3 Kg7 47. a4 Rc5 0-1

[Event "Suwalki Warakomska Memorial-B 1st"]
[Site "Suwalki"]
[Date "2017.08.14"]
[Round "5"]
[White "Kalejta, Arkadiusz"]
[Black "Ossolinski, Ziemowit"]
[Result "0-1"]
[WhiteElo "1677"]
[BlackElo "1798"]
[PlyCount "66"]
[EventDate "2017.08.11"]
[EventType "swiss"]
[EventRounds "9"]
[EventCountry "POL"]
[SourceTitle "CBM 180 Extra"]
[Source "ChessBase"]
[SourceDate "2017.10.06"]
[SourceVersion "1"]
[SourceVersionDate "2017.10.06"]
[SourceQuality "1"]

1. e4 c5 2. Nf3 e6 3. d4 cxd4 4. Nxd4 a6 5. Nc3 Qc7 6. Bd3 Bc5 7. Nb3 Be7 8. Qg4 Nf6 9. Qxg7 Rg8 10. Qh6 b5 11. Bf4 d6 12. Bg3 Bb7 13. f3 Nbd7 14. Qd2 Nh5 15. 0-0-0 e5 16. Kb1 Nb6 17. Na5 Bc8 18. Nd5 Nxd5 19. exd5 Bg5 20. Qe1 f5 21. Nb3 Kf8 22. Bh4 Bh6 23. Rg1 Nf4 24. Bf1 Bb7 25. g3 Nxd5 26. f4 Rc8 27. Bh3 Qxc2+ 28. Ka1 Re8 29. Rg2 Ne3 30. Rgd2 Qxd1+ 31. Rxd1 Nc2+ 32. Kb1 Nxe1 33. Rxe1 Be4+ 0-1

[Event "POL-chT U20"]
[Site "Szczyrk"]
[Date "2017.07.29"]
[Round "8.15"]
[White "Ossolinski, Ziemowit"]
[Black "Sanz Wawer, Daniel"]
[Result "0-1"]
[WhiteElo "1738"]
[BlackElo "2027"]
[PlyCount "174"]
[EventDate "2017.07.22"]
[EventType "team-tourn"]
[EventRounds "9"]
[EventCountry "POL"]
[SourceTitle "EXT 2019"]
[Source "ChessBase"]
[SourceDate "2018.10.10"]
[SourceVersion "1"]
[SourceVersionDate "2018.10.10"]
[SourceQuality "1"]

1. e4 c5 2. Nf3 e6 3. d4 cxd4 4. Nxd4 Nc6 5. Nc3 Qc7 6. Be2 Nf6 7. 0-0 Be7 8. Be3 a6 9. Kh1 0-0 10. f4 d6 11. Qe1 Nxd4 12. Bxd4 b5 13. a3 Bb7 14. Qg3 Rad8 15. Rae1 Bc6 16. Bf3 Qb7 17. b4 Ne8 18. Nd1 Bf6 19. e5 dxe5 20. Bxc6 Qxc6 21. Bc5 exf4 22. Qxf4 Nd6 23. Nf2 Bc3 24. Ne4 Nxe4 25. Rxe4 f5 26. Re2 Rfe8 27. h3 Qd5 28. Ref2 Qe5 29. Qf3 Qf6 30. Qb7 Ra8 31. Rd1 Red8 32. Rdf1 Re8 33. Rd1 Red8 34. Rdf1 Qf7 35. Qc6 Qd7 36. Qf3 Bf6 37. Re2 g6 38. Qb3 Re8 39. Rfe1 Kf7 40. Qe3 Rad8 41. Bb6 Rb8 42. Bc5 Qc6 43. Qh6 Bg7 44. Qe3 Rbd8 45. Rd2 Rxd2 46. Qxd2 Qd5 47. Qe2 Rd8 48. a4 Qc4 49. Qf3 Qd5 50. Qe2 Bc3 51. Rf1 bxa4 52. Qxa6 Ra8 53. Qe2 a3 54. Rd1 Qxd1+ 55. Qxd1 a2 56. Qd7+ Kg8 57. Qxe6+ Kh8 58. Kh2 a1Q 59. Bd6 Bd4 60. Kg3 Qc3+ 61. Kh2 Qe3 62. Qxe3 Bxe3 63. c4 f4 64. b5 Rc8 65. c5 Bxc5 66. Bxf4 Bb6 67. Bd6 Bc7 68. Bxc7 Rxc7 69. b6 Rb7 70. Kg3 Rxb6 71. Kg4 Kg7 72. h4 Kf6 73. g3 Rb4+ 74. Kh3 h5 75. Kg2 Kf5 76. Kf3 Rb3+ 77. Kf2 Kg4 78. Kg2 Rb2+ 79. Kf1 Kxg3 80. Ke1 Kf3 81. Kd1 Ke3 82. Kc1 Rh2 83. Kd1 Rg2 84. Kc1 Kd3 85. Kb1 Kc3 86. Ka1 Kb3 87. Kb1 Rg1# 0-1

[Event "POL-chT U20"]
[Site "Szczyrk"]
[Date "2017.07.25"]
[Round "4.27"]
[White "Ossolinski, Ziemowit"]
[Black "Dzida, Kamil"]
[Result "0-1"]
[WhiteElo "1738"]
[BlackElo "1796"]
[PlyCount "92"]
[EventDate "2017.07.22"]
[EventType "team-tourn"]
[EventRounds "9"]
[EventCountry "POL"]
[SourceTitle "EXT 2019"]
[Source "ChessBase"]
[SourceDate "2018.10.10"]
[SourceVersion "1"]
[SourceVersionDate "2018.10.10"]
[SourceQuality "1"]

1. d4 Nf6 2. c4 e6 3. g3 d5 4. Bg2 Be7 5. Nf3 0-0 6. 0-0 dxc4 7. Nbd2 b5 8. a4 c6 9. Qc2 Bb7 10. b3 cxb3 11. Nxb3 Nbd7 12. Bd2 Rc8 13. Rfd1 bxa4 14. Rxa4 c5 15. Ba5 Qe8 16. Raa1 Bd5 17. Nxc5 Nxc5 18. dxc5 Bxc5 19. Qb2 Rb8 20. Qc1 Qb5 21. e3 Rfc8 22. Qd2 Qb7 23. Ne1 h6 24. Bc3 Bxg2 25. Bxf6 Bh3 26. Bc3 Bg4 27. Rdb1 Qxb1 28. Rxb1 Rxb1 29. Kg2 Bf5 30. Kf3 Bb6 31. Ba5 Rcc1 32. Bxb6 axb6 33. Qd8+ Kh7 34. g4 Bg6 35. Ng2 Rc2 36. Nf4 Rbb2 37. Nh3 b5 38. Qh4 b4 39. Kf4 b3 40. Ke5 Rd2 41. g5 Rd5+ 42. Kf4 h5 43. Kf3 Rbd2 44. e4 R5d3+ 45. Kg2 b2 46. Nf4 Bxe4+ 0-1

[Event "Mazowiec-chT 1617"]
[Site "Warsaw"]
[Date "2017.02.05"]
[Round "10.4"]
[White "Ossolinski, Ziemowit"]
[Black "Jarmuzynska, Kamila"]
[Result "1/2-1/2"]
[WhiteElo "1792"]
[BlackElo "1746"]
[PlyCount "32"]
[EventDate "2016.12.11"]
[EventType "team-tourn"]
[EventRounds "10"]
[EventCountry "POL"]
[SourceTitle "EXT 2019"]
[Source "ChessBase"]
[SourceDate "2018.10.10"]
[SourceVersion "1"]
[SourceVersionDate "2018.10.10"]
[SourceQuality "1"]

1. e4 e6 2. d4 d5 3. Nc3 Nf6 4. Bg5 Be7 5. e5 Nfd7 6. Bxe7 Qxe7 7. Bd3 a6 8. Nce2 Qb4+ 9. c3 Qxb2 10. Nh3 c5 11. a4 Nc6 12. Rb1 Qa3 13. Ra1 Qb2 14. Rb1 Qa3 15. Ra1 Qb2 16. Rb1 Qa3 1/2-1/2

[Event "Mazowiec-chT 1617"]
[Site "Warsaw"]
[Date "2017.01.29"]
[Round "8.10"]
[White "Ossolinski, Ziemowit"]
[Black "Bartczak, Hanna"]
[Result "1-0"]
[WhiteElo "1792"]
[BlackElo "1514"]
[PlyCount "43"]
[EventDate "2016.12.11"]
[EventType "team-tourn"]
[EventRounds "10"]
[EventCountry "POL"]
[SourceTitle "EXT 2019"]
[Source "ChessBase"]
[SourceDate "2018.10.10"]
[SourceVersion "1"]
[SourceVersionDate "2018.10.10"]
[SourceQuality "1"]

1. e4 d6 2. d4 Nf6 3. Nc3 c6 4. f4 Nbd7 5. Nf3 e5 6. dxe5 dxe5 7. fxe5 Ng4 8. e6 fxe6 9. Ng5 Ndf6 10. Qxd8+ Kxd8 11. Nf7+ Ke8 12. Nxh8 Bc5 13. Be2 e5 14. h3 Ne3 15. Bxe3 Bxe3 16. Bc4 Ke7 17. Nf7 Be6 18. Nxe5 Bd4 19. Bxe6 Kxe6 20. Nf3 Bxc3+ 21. bxc3 Nxe4 22. 0-0 1-0